000 00297nam a22001337a 4500
008 170220b xxu||||| |||| 00| 0 eng d
020 _a9781591952787
041 _aeng
080 _219 ED
_a615
100 _a5
101 _aSHF
245 _aDRUG INFORMATION HANBOOK
_cCH.F.LACY
942 _2udc
_cBK
999 _c5820
_d5820